• 首页
  • 本馆介绍
  • 公告通知
  • 最新文献
  • 馆藏检索
  • 电子资源
  • 读者导购
  • 参考咨询
  • 我的图书馆
  • 登录
  • 详细信息显示
  • 放入我的书架
  • 预约/预借图书
  • 作者相关作品
  • 分类相关作品
  • 丛书相关作品
  • 出版社相关作品

书目信息

  • 表格格式
  • 工作单格式
  • 卡片格式
题名:
中文版AutoCAD 2015辅助设计
    
 
作者: ;一线文化工作室 编著
分册:  
出版信息: 北京   中国铁道出版社  2015
页数: 298页
开本: 21cm
丛书名:
单 册:
中图分类: TP391.72
科图分类:
主题词: AutoCAD软件--基本知识
电子资源:
ISBN: 978-7-113-20330-6
000 01268nam0 2200241 450
001 3587
005 20160926161258.57
010    @a978-7-113-20330-6@b平装@dCNY36.00
100    @a20150826d2015 em y0chiy50 ea
101 0  @achi
102    @aCN@b110000
105    @ay z 000yy
200 1  @a中文版AutoCAD 2015辅助设计@9zhong wen ban AutoCAD 2015 fu zhu she ji@f一线文化编著
210    @a北京@c中国铁道出版社@d2015
215    @a298页@d21cm@e1光盘
300    @a附光盘
307    @a附光盘:ISBN 978-7-89406-360-1
330    @a本书以初学AutoCAD2015辅助设计的读者为出发点,选择最全面、最实用的知识。在内容讲解上采用“图解操作+步骤引导”的全新写作方式,省去了复杂且不易理解的文字描述,真正做到了简单明了、一看即会。内容分两部分,第一部分AutoCAD2015辅助设计软件操作与技能讲解(包括AutoCAD2015快速入门,二维图形的创建与编辑,图层、图块与设计中心的应用,图形尺寸标注与查询,文字标注与表格制作,三维图形的创建与编辑,2AD动画、灯光、材质与渲染技能的应用);第二部分AutoCAD2015辅助设计的相关案例讲解(包括机械设计综合实例、建筑与景观设计综合实例、室内装饰设计综合实例)。
606 0  @aAutoCAD软件@x基本知识
690    @aTP391.72@v5
711 02 @a一线文化工作室@9yi xian wen hua gong zuo shi@4编著
801  0 @aCN@b唐山师范学院图书馆@c20151001
905    @aZUCC@dTP391.72@e1052
    
    中文版AutoCAD 2015辅助设计/一线文化编著.-北京:中国铁道出版社,2015
    298页;21cm+1光盘
    附光盘
    
    ISBN 978-7-113-20330-6(平装):CNY36.00
    本书以初学AutoCAD2015辅助设计的读者为出发点,选择最全面、最实用的知识。在内容讲解上采用“图解操作+步骤引导”的全新写作方式,省去了复杂且不易理解的文字描述,真正做到了简单明了、一看即会。内容分两部分,第一部分AutoCAD2015辅助设计软件操作与技能讲解(包括AutoCAD2015快速入门,二维图形的创建与编辑,图层、图块与设计中心的应用,图形尺寸标注与查询,文字标注与表格制作,三维图形的创建与编辑,2AD动画、灯光、材质与渲染技能的应用);第二部分AutoCAD2015辅助设计的相关案例讲解(包括机械设计综合实例、建筑与景观设计综合实例、室内装饰设计综合实例)。
●
相关链接 在E读中查询图书 在五车中查询图书 在当当中查询图书 在豆瓣中查询图书


正题名:中文版AutoCAD 2015辅助设计     索取号:TP391.72/1052         预约/预借

序号 登录号 条形码 馆藏地/架位号 状态 备注
1 905305   209053058   第二样本阅览室/ [索取号:TP391.72/1052] 在馆    
2 905306   209053067   密集书库—计算机科学学院/ [索取号:TP391.72/1052] 在馆    
3 905307   209053076   第三借阅区/ [索取号:TP391.72/1052] 在馆    
4 905308   209053085   第三借阅区/ [索取号:TP391.72/1052] 在馆    
5 905309   209053094   第三借阅区/ [索取号:TP391.72/1052] 在馆    
唐山师范学院图书馆 欢迎您!
大连网信软件有限公司© 版权所有